El abc para crear un equipo de negocios exitoso : (Registro nro. 11321)

Detalles MARC
000 -LIDER
fixed length control field 01193nam a22003257a 4500
001 - NÚMERO DE CONTROL
Identificador de número de control 000474
003 - IDENTIFICACDOR DE NÚMERO DE CONTROL
control field DO-SdBNP
005 - DATE AND TIME OF LATEST TRANSACTION
control field 20250723100146.0
007 - CAMPOS FIJOS DE DESCRIPCIÓN FÍSICA
fixed length control field 000474
008 - ELEMENTOS DE LONGITUD FIJA
fixed length control field 160905b 2008 mx ||||| |||| 00| 0 spa d
020 ## - ISBN
International Standard Book Number 9707705949
040 ## - FUENTE DE CATALOGACIÓN
Agencia que crea de manera original el registro BPMSU
Idioma de catalogación spa
Agencia que realiza la transcripción BPMSU
082 #4 - NÚMERO DE CLASIFICACIÓN DECIMAL DE DEWEY
Classification number 658.1
Item number S617a 2008
Edition number 22
100 1# - ASIENTO PRINCIPAL -- NOMBRE PERSONAL
Nombre personal Singer, Blair
245 13 - MENCIÓN DE TITULO
Título El abc para crear un equipo de negocios exitoso :
Subtítulo el código de honor invisible que transforma a grupos de personas en equipos de campeones /
Mención de responsabilidad Blair Singer ; prologo de Robert Kiyosaki.
260 ## - PUBLICACIÓN, DISTRIBUCIÓN, ETC. (PIE DE IMPRENTA)
Lugar de publicación, distribución, etc México :
Nombre del editor, distribuidor, etc. Aguilar,
Fecha de publicación, distribución, etc 2008
300 ## - DESCRIPCIÓN FÍSICA
Extensión 157 p. ;
Dimensiones 23 cm.
490 0# - MENCIÓN DE SERIES
Mención de serie Padre rico;
-- advisors.
Volume/sequential designation
500 ## - NOTA GENERAL
Nota general Traducción de ABC's of building a business team that wins.
500 ## - NOTA GENERAL
Nota general Incluye datos del autor
505 ## - NOTA DE CONTENIDO
Título Amy Foster --
-- Falk: A reminiscencia --
-- Mañana
650 #4 - ENCABEZAMIENTO DE MATERIA--TEMÁTICO
Término temático o nombre geográfico como elemento de entrada Aptitud creadora en los negocios
650 #4 - ENCABEZAMIENTO DE MATERIA--TEMÁTICO
Término temático o nombre geográfico como elemento de entrada Éxito en los negocios
650 #4 - ENCABEZAMIENTO DE MATERIA--TEMÁTICO
Término temático o nombre geográfico como elemento de entrada Emprendimiento
700 1# - ASIENTO SECUNDARIO -- NOMBRE PERSONAL
Nombre personal Valencia Goelkel, Hernando,
Mención de responsabilidad traductor
700 1# - ASIENTO SECUNDARIO -- NOMBRE PERSONAL
Nombre personal Kiyosaki, Robert,
Mención de responsabilidad prólogo
910 ## - VALIDACIÓN
Validación LOPEREZ/ VMateo V. Control de calidad (BPMSU)
942 ## - ADDED ENTRY ELEMENTS (KOHA)
Source of classification or shelving scheme Dewey Decimal Classification
Koha item type Libros
956 ## - LOCAL ELECTRONIC LOCATION AND ACCESS (OCLC)
Método de acceso LOPEREZ
Materiales especificados 10
Enlace 20160905
Campo enlazado y núm. de secuencia BPMSU
Nombre de host 00041
Existencias
Withdrawn status Lost status Source of classification or shelving scheme Damaged status Not for loan Collection code Home library Current library Date acquired Source of acquisition Full call number Barcode Date last seen Price effective from Koha item type Copy number Total Checkouts
    Dewey Decimal Classification     Colección General Biblioteca Pública Metropolitana Salomé Ureña Biblioteca Pública Metropolitana Salomé Ureña 09/06/2016 Alfaguara BPMSU CG 658.1 S617a 2008 BPMSU16090184 09/06/2016 09/06/2016 Libros    
    Dewey Decimal Classification     Colección General Biblioteca Pública Metropolitana Salomé Ureña Biblioteca Pública Metropolitana Salomé Ureña 09/06/2016 Alfaguara BPMSU CG 658.1 S617a 2008 BPMSU16090185 09/06/2016 09/06/2016 Libros e.2  
    Dewey Decimal Classification       Biblioteca Pública Metropolitana Salomé Ureña Biblioteca Pública Metropolitana Salomé Ureña 09/06/2016 Alfaguara   BPMSU16090186 09/06/2016 09/06/2016 Libros ej. 3